Study on situation carried out of agro forestry in osaray commune tramkak district takeo province, សិក្សាពីស្ថានភាពនៃការអនុវត្តន៍កសិរុក្ខកម្មនៅឃុំអូរសារាយ ស្រុកត្រាំកក់ ខេត្តតាកែវ (Record no. 3422)
[ view plain ]
| 000 -LEADER | |
|---|---|
| fixed length control field | 00792nam a22001697a 4500 |
| 003 - CONTROL NUMBER IDENTIFIER | |
| control field | LRUA |
| 005 - DATE AND TIME OF LATEST TRANSACTION | |
| control field | 20221125135032.0 |
| 008 - FIXED-LENGTH DATA ELEMENTS--GENERAL INFORMATION | |
| fixed length control field | 221125b xxu||||| |||| 00| 0 eng d |
| 040 ## - CATALOGING SOURCE | |
| Transcribing agency | RUA |
| 082 ## - DEWEY DECIMAL CLASSIFICATION NUMBER | |
| Classification number | FOR CHE 2011 B544 Or.1 |
| 100 ## - MAIN ENTRY--PERSONAL NAME | |
| Personal name | CHEA, BUNNA. |
| 245 ## - TITLE STATEMENT | |
| Title | Study on situation carried out of agro forestry in osaray commune tramkak district takeo province, សិក្សាពីស្ថានភាពនៃការអនុវត្តន៍កសិរុក្ខកម្មនៅឃុំអូរសារាយ ស្រុកត្រាំកក់ ខេត្តតាកែវ |
| 260 ## - PUBLICATION, DISTRIBUTION, ETC. (IMPRINT) | |
| Place of publication, distribution, etc. | Phnom Penh |
| Name of publisher, distributor, etc. | RUA |
| Date of publication, distribution, etc. | 2011 |
| 300 ## - PHYSICAL DESCRIPTION | |
| Extent | xi; 49p. |
| Other physical details | ill. |
| Dimensions | 29cm. |
| 856 ## - ELECTRONIC LOCATION AND ACCESS | |
| Uniform Resource Identifier | https://drive.google.com/file/d/1xSviSHdwO64o5karoT5PHb7Lr7Dr9IDm/view?usp=sharing |
| 942 ## - ADDED ENTRY ELEMENTS (KOHA) | |
| Koha item type | FOR |
| Source of classification or shelving scheme | |
| Price effective from | Date last seen | Permanent Location | Not for loan | Date acquired | Source of classification or shelving scheme | Koha item type | Lost status | Withdrawn status | Date last checked out | Total Checkouts | Shelving location | Damaged status | Barcode | Current Location | Full call number |
|---|---|---|---|---|---|---|---|---|---|---|---|---|---|---|---|
| 2015-11-14 | 2015-11-14 | Library Block B | 2015-11-14 | FOR | B140 | RUA026918 | Library Block B | FOR CHE 2011 B140 Or.1 | |||||||
| 2015-11-14 | 2026-06-11 | Library Block B | 2015-11-14 | FOR | 2026-05-08 | 2 | B140 | RUA026983 | Library Block B | FOR CHE 2011 B140 Or.2 | |||||
| 2015-11-14 | 2023-04-25 | Library Block B | 2015-11-14 | FOR | 2023-03-17 | 2 | B140 | RUA026911 | Library Block B | FOR CHE 2011 B140 Or.3 | |||||
| 2015-11-14 | 2015-11-14 | Library Block B | 2015-11-14 | FOR | B140 | RUA026775 | Library Block B | FOR CHE 2011 B140 Or.4 | |||||||
| 2015-11-14 | 2015-11-14 | Library Block B | 2015-11-14 | FOR | B140 | RUA026703 | Library Block B | FOR CHE 2011 B140 Or.5 | |||||||
| 2015-11-14 | 2015-11-14 | Library Block B | 2015-11-14 | FOR | B140 | RUA026631 | Library Block B | FOR CHE 2011 B140 Or.6 | |||||||
| 2015-11-14 | 2015-11-14 | Library Block B | 2015-11-14 | FOR | B140 | RUA043146 | Library Block B | FOR CHE 2011 B140 Or.7 | |||||||
| 2015-11-14 | 2023-08-28 | Library Block B | 2015-11-14 | FOR | 2023-07-19 | 2 | B140 | RUA043208 | Library Block B | FOR CHE 2011 B140 Or.8 | |||||
| 2019-05-08 | 2019-05-08 | Library Block B | 2019-05-08 | FOR | B544 | A40650 | Library Block B | FOR CHE 2011 B544 Or.1 | |||||||
| 2019-05-08 | 2019-05-08 | Library Block B | 2019-05-08 | FOR | B544 | A40585 | Library Block B | FOR CHE 2011 B544 Or.2 | |||||||
| 2019-05-08 | 2019-05-08 | Library Block B | 2019-05-08 | FOR | B544 | A40660 | Library Block B | FOR CHE 2011 B544 Or.3 |